[Event "SPICE Cup Open 2020"]
[Site "Chesterfield MO USA"]
[Date "2020.10.22"]
[Round "4"]
[White "Gledura, Benjamin"]
[Black "Nyzhnyk, Illya"]
[Result "0-1"]
[WhiteTitle "GM"]
[BlackTitle "GM"]
[WhiteElo "2620"]
[BlackElo "2665"]
[WhiteFideId "712779"]
[BlackFideId "14118084"]
[EventDate "2020.10.20"]

1. Nf3 d5 2. g3 Nf6 3. Bg2 e6 4. O-O Be7 5. d4 O-O 6. a3 b6 7. c4 Bb7 8. cxd5
exd5 9. Nc3 c5 10. Bf4 Nbd7 11. Rc1 Ne4 12. Ne5 Nxc3 13. Rxc3 Bf6 14. e3 Re8 15.
Nc4 Be7 16. Qc2 b5 17. Nd2 c4 18. e4 b4 19. axb4 Bxb4 20. e5 Bxc3 21. bxc3 Rb8
22. Ra1 a6 23. Nf1 Nf8 24. Bc1 f6 25. exf6 Qxf6 26. Ne3 Qf7 27. Ra5 Nd7 28. Ba3
Rbd8 29. Bd6 Qf6 30. Bc7 Rc8 31. Bf4 g5 32. Bxd5+ Bxd5 33. Nxd5 Qd8 34. Qf5 gxf4
35. Qxd7 Qxd7 36. Nf6+ Kg7 37. Nxd7 f3 38. Ne5 Rb8 39. Nxf3 Re2 40. Rxa6 Rbb2
41. Ra7+ Kf8 42. Ra8+ Ke7 43. Ra7+ Kd8 44. Ne5 Rxf2 45. Nxc4 Rg2+ 46. Kf1 Rbf2+
47. Ke1 Rc2 48. Kf1 Rxh2 49. Kg1 Rcg2+ 50. Kf1 Rxg3 0-1

[Event "SPICE Cup Open 2020"]
[Site "Chesterfield MO USA"]
[Date "2020.10.22"]
[Round "4"]
[White "Bruzon Batista, Lazaro"]
[Black "Repka, Christopher"]
[Result "1-0"]
[WhiteTitle "GM"]
[BlackTitle "GM"]
[WhiteElo "2644"]
[BlackElo "2488"]
[WhiteFideId "3503739"]
[BlackFideId "14918781"]
[EventDate "2020.10.20"]

1. d4 Nf6 2. c4 e6 3. Nc3 Bb4 4. e3 O-O 5. Bd3 d5 6. Nf3 c5 7. cxd5 exd5 8. dxc5
Nbd7 9. Bd2 Nxc5 10. Be2 Ba5 11. O-O Nce4 12. Nxe4 dxe4 13. Nd4 Bxd2 14. Qxd2
Bg4 15. Bc4 Nd7 16. Qc2 Qe7 17. h3 Bh5 18. Rfc1 Rac8 19. Qa4 Ne5 20. Bd5 Nf3+
21. Nxf3 Bxf3 22. Bc4 Rc5 23. Qa3 Bxg2 24. Qxc5 Qxc5 25. Bxf7+ Rxf7 26. Rxc5
Bxh3 27. Re5 Bd7 28. Rxe4 Bc6 29. Rd4 Rf5 30. e4 Rf4 31. Re1 g5 32. Kg2 Kf7 33.
f3 Ke6 34. Rc4 h5 35. b4 a6 36. Rc5 g4 37. fxg4 Rxg4+ 38. Kf3 Rh4 39. Kg3 Rg4+
40. Kh3 Rf4 41. Rxh5 Rxe4 42. Rxe4+ Bxe4 43. Kg3 Kd6 44. Kf4 Bd5 45. a4 Bc6 46.
a5 Kc7 47. Rh8 Bg2 48. Ke5 Kc6 49. Rh6+ Kc7 50. Rg6 Bf3 51. Rg3 Bc6 52. Rc3 b6
53. Rh3 bxa5 54. bxa5 Bg2 55. Rh4 Bf1 56. Kd5 Bd3 57. Kc5 Bb5 58. Rh7+ Kc8 59.
Kb6 Kd8 60. Rc7 Bd3 61. Kc6 Be2 62. Kd6 Bb5 63. Rc3 Be2 64. Kc5 Kc7 65. Re3 Bf1
66. Re7+ Kc8 67. Kb6 Bb5 68. Re5 Kb8 69. Rc5 Be2 70. Rc2 Bb5 71. Rc1 Be2 72. Rc3
Bb5 73. Rc2 1-0

[Event "SPICE Cup Open 2020"]
[Site "Chesterfield MO USA"]
[Date "2020.10.22"]
[Round "4"]
[White "Chen, Ryo"]
[Black "Quesada Perez, Yuniesky"]
[Result "0-1"]
[BlackTitle "GM"]
[WhiteElo "2085"]
[BlackElo "2598"]
[WhiteFideId "7003072"]
[BlackFideId "3504409"]
[EventDate "2020.10.20"]

1. e4 c5 2. Nf3 e6 3. d4 cxd4 4. Nxd4 Nc6 5. Nc3 Qc7 6. Be3 a6 7. Be2 Nf6 8. O-O
Be7 9. f4 d6 10. Kh1 O-O 11. a4 Nxd4 12. Qxd4 Bd7 13. e5 Ne8 14. Ne4 Bc6 15. Bd3
Rd8 16. Qc3 Rc8 17. Qd4 Qd8 18. Rfd1 dxe5 19. fxe5 Qxd4 20. Bxd4 Rd8 21. c3 f6
22. exf6 gxf6 23. Bc2 Ng7 24. Ng3 f5 25. Kg1 Kf7 26. Ne2 Rg8 27. Nf4 Nh5 28.
Nxh5 Rxg2+ 29. Kf1 Rxc2 0-1

[Event "SPICE Cup Open 2020"]
[Site "Chesterfield MO USA"]
[Date "2020.10.22"]
[Round "4"]
[White "Prohaszka, Peter2"]
[Black "Colas, Joshua"]
[Result "1/2-1/2"]
[WhiteTitle "GM"]
[BlackTitle "FM"]
[WhiteElo "2592"]
[BlackElo "2255"]
[WhiteFideId "726265"]
[BlackFideId "2044447"]
[EventDate "2020.10.20"]

1. d4 d5 2. c4 e6 3. Nc3 a6 4. cxd5 exd5 5. Nf3 Nf6 6. Bg5 Be6 7. e3 Nbd7 8. Bd3
Bd6 9. O-O c6 10. Bf4 Qc7 11. Bxd6 Qxd6 12. h3 O-O 13. Qc2 h6 14. Nd2 Rfc8 15.
Rad1 b5 16. Nb3 a5 17. Ne2 a4 18. Nc5 Nxc5 19. dxc5 Qe7 20. Nd4 Nd7 21. Rc1 b4
22. f4 Nf6 23. Qd2 Rab8 24. a3 bxa3 25. bxa3 Bd7 26. Rfe1 Ra8 27. Qc3 Rcb8 28.
Rc2 Rb7 29. Rce2 Nh5 30. Rb1 Rxb1+ 31. Bxb1 Rb8 32. Bc2 Ng3 33. Re1 Ne4 34. Bxe4
Qxe4 35. Kh2 Kh7 36. Re2 Rb1 37. Qa5 Bxh3 38. Kxh3 Rh1+ 39. Kg3 Rf1 40. Rf2
Qxe3+ 41. Rf3 Rxf3+ 42. Nxf3 Qxa3 43. Qa7 f6 44. f5 Qb4 45. Qf7 a3 46. Qg6+ Kh8
47. Qe8+ Kh7 48. Qg6+ Kh8 49. Qe8+ 1/2-1/2

[Event "SPICE Cup Open 2020"]
[Site "Chesterfield MO USA"]
[Date "2020.10.22"]
[Round "4"]
[White "Stearman, Josiah"]
[Black "Burke, John M"]
[Result "1/2-1/2"]
[WhiteTitle "FM"]
[BlackTitle "GM"]
[WhiteElo "2354"]
[BlackElo "2538"]
[WhiteFideId "2062496"]
[BlackFideId "2070901"]
[EventDate "2020.10.20"]

1. d4 Nf6 2. c4 e6 3. Nf3 d5 4. g3 Bb4+ 5. Bd2 Be7 6. Bg2 O-O 7. O-O c6 8. b3 b6
9. Ne5 Bb7 10. Bc3 Nbd7 11. Nxd7 Qxd7 12. Nd2 Rfd8 13. Qc2 Rac8 14. Rfd1 c5 15.
dxc5 Bxc5 16. Bxf6 gxf6 17. Ne4 Qe7 18. Nxc5 Rxc5 19. Rd4 f5 20. Qd2 e5 21. Rh4
dxc4 22. Qh6 f6 23. Bxb7 Qxb7 24. Qxf6 Rf8 25. Qe6+ Qf7 26. Qxf7+ Rxf7 27. Rxc4
Rxc4 28. bxc4 Rd7 29. a4 Rd2 30. e3 Rc2 31. Rd1 a5 32. Rd8+ Kg7 33. Rd7+ Kg8 34.
Rc7 f4 35. gxf4 exf4 36. exf4 Ra2 37. Kg2 Rxa4 38. Kf3 Ra2 39. h4 a4 40. Ra7 a3
41. Kg4 Rc2 42. Rxa3 Rxc4 43. Ra7 Rc6 44. Rb7 Rg6+ 45. Kf5 Rh6 46. Ke5 Rxh4 47.
f5 Rh6 48. f6 Rh1 49. f4 Kf8 50. Rxb6 Ra1 51. Kf5 Re1 52. Rb8+ Kf7 53. Rb7+ Kf8
54. Rxh7 Ra1 55. Rb7 Ra2 56. Re7 Ra1 57. Re4 Kf7 58. Re7+ Kf8 59. Rb7 Ra2 60. f7
Ra5+ 61. Kg6 Ra6+ 62. Kg5 Ra5+ 63. f5 Ra6 64. f6 Ra5+ 65. Kg6 Rg5+ 66. Kh7 Rh5+
67. Kg6 Rg5+ 68. Kh6 Rh5+ 1/2-1/2

[Event "SPICE Cup Open 2020"]
[Site "Chesterfield MO USA"]
[Date "2020.10.22"]
[Round "4"]
[White "Stremavicius, Titas"]
[Black "Krykun, Yuriy"]
[Result "1/2-1/2"]
[WhiteTitle "GM"]
[BlackTitle "FM"]
[WhiteElo "2517"]
[BlackElo "2371"]
[WhiteFideId "12804444"]
[BlackFideId "14140667"]
[EventDate "2020.10.20"]

1. g3 d5 2. Bg2 e5 3. d3 Nf6 4. Nf3 Nbd7 5. O-O Bc5 6. Nfd2 O-O 7. c4 dxc4 8.
Nxc4 c6 9. Bd2 Qe7 10. Qc2 Nb6 11. Na5 Bd6 12. a3 Nbd5 13. Nc3 Be6 14. Nc4 Bc7
15. b4 Rac8 16. Qb2 Rfe8 17. Rac1 Bg4 18. Ne3 Nxe3 19. Bxe3 Bb6 20. Bxb6 axb6
21. a4 h5 22. a5 b5 23. h4 Bf5 24. Nd1 Qe6 25. Ne3 1/2-1/2

[Event "SPICE Cup Open 2020"]
[Site "Chesterfield MO USA"]
[Date "2020.10.22"]
[Round "4"]
[White "Antova, Gabriela"]
[Black "Liang, Jason"]
[Result "1/2-1/2"]
[WhiteTitle "FM"]
[BlackTitle "FM"]
[WhiteElo "2238"]
[BlackElo "2367"]
[WhiteFideId "2915235"]
[BlackFideId "30940303"]
[EventDate "2020.10.20"]

1. d4 Nf6 2. Nf3 e6 3. c4 c5 4. d5 b5 5. Bg5 exd5 6. cxd5 h6 7. Bxf6 Qxf6 8. Qc2
d6 9. e4 a6 10. a4 b4 11. Nbd2 Bg4 12. e5 dxe5 13. Ne4 Qf4 14. Nfd2 Bf5 15. g3
Qg4 16. Bd3 Bxe4 17. Bxe4 Bd6 18. Nc4 Qd7 19. Nb6 Qb7 20. Nxa8 Qxa8 21. a5 O-O
22. O-O Nd7 23. Bd3 c4 24. Qxc4 Nc5 25. Qxb4 Rb8 26. Qc4 Rxb2 27. Rab1 Qb7 28.
Rfd1 g6 29. Rxb2 Qxb2 30. Qc2 Qxc2 31. Bxc2 Kf8 32. Bd3 Ke7 33. Bc4 f5 34. h4
Bc7 35. Kg2 Kd6 36. f3 Bxa5 37. Bxa6 g5 38. h5 Bc3 39. Bc4 e4 40. fxe4 Nxe4 41.
Rb1 Ke5 42. Rb6 Nd6 43. Bb3 g4 44. Rc6 Bd2 45. Rc7 Bg5 46. Rc6 f4 47. gxf4+ Bxf4
48. Ra6 Kf5 49. Bc2+ Ke5 50. Bd1 Kxd5 51. Bxg4 Ke4 52. Bf3+ Ke5 53. Kh3 Bg5 54.
Kg4 Nc4 55. Be2 Ne3+ 56. Kf3 Nf5 57. Bd3 Nd4+ 58. Kg4 Ne6 59. Ra5+ Kf6 60. Rf5+
Ke7 61. Bc4 Nd8 62. Rxg5 hxg5 63. Kxg5 Nf7+ 64. Kg6 Ne5+ 65. Kg7 Nxc4 66. h6 Nd6
67. h7 Nf7 68. h8=Q Nxh8 69. Kxh8 1/2-1/2

[Event "SPICE Cup Open 2020"]
[Site "Chesterfield MO USA"]
[Date "2020.10.22"]
[Round "4"]
[White "Daggupati, Balaji"]
[Black "Shepherd, Duncan"]
[Result "1-0"]
[WhiteTitle "FM"]
[WhiteElo "2331"]
[BlackElo "2033"]
[WhiteFideId "2090759"]
[BlackFideId "2080311"]
[EventDate "2020.10.20"]

1. e4 c5 2. Nf3 d6 3. d4 cxd4 4. Nxd4 Nf6 5. Nc3 a6 6. Qf3 g6 7. h3 Bg7 8. Be3
Nc6 9. O-O-O Bd7 10. g4 Rc8 11. Qg2 Nxd4 12. Bxd4 e5 13. Be3 Rxc3 14. bxc3 Qa5
15. g5 Nh5 16. Bc4 Qxc3 17. Qf1 Qa3+ 18. Kb1 Nf4 19. Bb3 Bb5 20. Qe1 Ne2 21. c4
Bxc4 22. Bxc4 Nc3+ 23. Kc2 Nxd1 24. Qxd1 Qa4+ 25. Kc3 Qa5+ 26. Kb2 O-O 27. Qd5 1-0

[Event "SPICE Cup Open 2020"]
[Site "Chesterfield MO USA"]
[Date "2020.10.22"]
[Round "4"]
[White "Niemann, Hans Moke"]
[Black "Proleiko, Julian"]
[Result "1-0"]
[WhiteTitle "IM"]
[WhiteElo "2465"]
[BlackElo "2131"]
[WhiteFideId "2093596"]
[BlackFideId "30900255"]
[EventDate "2020.10.20"]

1. Nf3 d5 2. c4 c6 3. e3 Nf6 4. Nc3 a6 5. d4 Bf5 6. Qb3 Ra7 7. Nh4 Be6 8. Be2 g6
9. O-O Bg7 10. Nf3 O-O 11. a4 Bg4 12. h3 dxc4 13. Qxc4 Be6 14. Qc5 b6 15. Qg5 h6
16. Qh4 Nh5 17. Ne5 Nf6 18. Rd1 Qc7 19. e4 Bb3 20. Rd3 c5 21. Bxh6 cxd4 22. Bf4
Qc5 23. Rc1 dxc3 24. Rcxc3 Qb4 25. Rxb3 Qe1+ 26. Bf1 Qxe4 27. Nf3 Qxa4 28. Ra3
Qe4 29. Ng5 Qb4 30. Rab3 Qa4 31. Ra3 Qb4 32. Rab3 Qa4 33. Rxb6 Nh5 34. b4 Nd7
35. g4 Nxb6 36. gxh5 Qc6 37. Bg2 Qf6 38. Be4 e6 39. hxg6 Rd8 40. Rxd8+ Qxd8 41.
gxf7+ 1-0

[Event "SPICE Cup Open 2020"]
[Site "Chesterfield MO USA"]
[Date "2020.10.22"]
[Round "4"]
[White "Ezra, Paul Chambers"]
[Black "Singh, Hersh"]
[Result "1-0"]
[WhiteTitle "FM"]
[WhiteElo "2231"]
[BlackElo "2012"]
[WhiteFideId "20300204"]
[BlackFideId "30918804"]
[EventDate "2020.10.20"]

1. d4 d5 2. Bf4 c5 3. e3 Nc6 4. Nc3 cxd4 5. exd4 a6 6. h3 Bf5 7. Bd3 Bxd3 8.
Qxd3 e6 9. Nf3 Bd6 10. Ne2 Nf6 11. c3 Ne4 12. O-O O-O 13. Rfe1 Qc7 14. Bxd6 Nxd6
15. a4 Na5 16. Nc1 Rfc8 17. Qe2 b5 18. Nd3 Ne4 19. Nfe5 Nc4 20. Ra2 Nxe5 21.
dxe5 Qc4 22. Ra3 bxa4 23. Qc2 Nc5 24. Nxc5 Qxc5 25. Qxa4 Rab8 26. b4 Qb5 27. Qd1
Rc4 28. Qa1 Rb6 29. Re3 h6 30. Kh2 Qc6 31. Ra5 d4 32. cxd4 Rcxb4 33. Rc3 Rc4 34.
Rc5 Rxc5 35. dxc5 Rb5 36. Qa4 Qc7 37. Qd4 Rb8 38. Qd6 Rc8 39. c6 a5 40. f4 g6
41. Kh1 Kg7 42. Rc2 Kg8 43. Kh2 Kg7 44. g3 Kg8 45. g4 Kg7 46. f5 exf5 47. gxf5
g5 48. Kg2 a4 49. Qf6+ Kg8 50. e6 fxe6 51. Qxe6+ Kh7 52. Qg6+ Kh8 53. Qxh6+ Kg8
54. Qxg5+ Qg7 55. h4 a3 56. Kf3 a2 57. Rxa2 Rxc6 58. Ra7 Qxg5 59. hxg5 Rc4 60.
Re7 Kf8 61. Re4 Rc1 62. Kf4 Kg7 63. Re7+ Kf8 64. f6 Rc5 65. Kg4 Rc4+ 66. Kf5
Rc5+ 67. Kg6 Rc6 68. Ra7 Rc8 69. Rh7 Kg8 70. f7+ Kf8 71. Rh8+ Ke7 72. Rxc8 1-0

[Event "SPICE Cup Open 2020"]
[Site "Chesterfield MO USA"]
[Date "2020.10.22"]
[Round "4"]
[White "Lu, Ming"]
[Black "Matta, Nicholas"]
[Result "1-0"]
[WhiteElo "2084"]
[BlackElo "2177"]
[WhiteFideId "30930880"]
[BlackFideId "30914523"]
[EventDate "2020.10.20"]

1. c4 c5 2. Nc3 Nc6 3. g3 g6 4. Bg2 Bg7 5. d3 d6 6. e4 e6 7. Nge2 Nge7 8. O-O
O-O 9. Be3 Nd4 10. Qd2 Qa5 11. Nxd4 cxd4 12. Nd5 Qd8 13. Nxe7+ Qxe7 14. Bh6 Bxh6
15. Qxh6 Bd7 16. f4 Rac8 17. Rae1 f6 18. e5 b5 19. b3 Rc5 20. b4 Rc7 21. exd6
Qxd6 22. c5 Qa6 23. f5 gxf5 24. Rxf5 Qa3 25. Rxf6 Rxf6 26. Qxf6 Qxb4 27. Qd8+
Kg7 28. Qe7+ Kg8 29. Rf1 1-0

[Event "SPICE Cup Open 2020"]
[Site "Chesterfield MO USA"]
[Date "2020.10.22"]
[Round "4"]
[White "Park, Evan"]
[Black "Zaloznyy, Mike"]
[Result "0-1"]
[WhiteElo "2146"]
[BlackElo "1989"]
[WhiteFideId "30931142"]
[BlackFideId "2023075"]
[EventDate "2020.10.20"]

1. e4 d6 2. d4 Nf6 3. Nc3 e5 4. Nge2 Nbd7 5. g3 b5 6. a3 Bb7 7. Bg2 a5 8. Nxb5
Nxe4 9. O-O Be7 10. Qd3 d5 11. c4 exd4 12. cxd5 Nec5 13. Qxd4 O-O 14. Qd1 Ba6
15. Ned4 Bf6 16. Nc6 Qc8 17. a4 Nb6 18. Re1 Ncxa4 19. Nba7 Qd7 20. Rxa4 Rxa7 21.
Rxa5 Raa8 22. b3 Bb7 23. Rxa8 Rxa8 24. h4 h6 25. Qf3 Ra1 26. Bd2 Bxc6 27. Rxa1
Bxd5 28. Qd1 Bxa1 29. Qxa1 Bxg2 30. Bxh6 gxh6 31. Kxg2 Qd5+ 32. Kh2 Nd7 33. Qc1
Qd6 34. Qc3 Ne5 35. Kg1 c5 36. Qe3 Qd1+ 37. Kg2 Qd5+ 38. f3 Kg7 39. Qe2 Nd3 40.
Qd1 Nf4+ 0-1

[Event "SPICE Cup Open 2020"]
[Site "Chesterfield MO USA"]
[Date "2020.10.22"]
[Round "4"]
[White "Yanayt, Eugene"]
[Black "Paciorkowski, Lev"]
[Result "0-1"]
[WhiteTitle "FM"]
[WhiteElo "2173"]
[BlackElo "2249"]
[WhiteFideId "2020165"]
[BlackFideId "30904625"]
[EventDate "2020.10.20"]

1. e4 c6 2. c4 d5 3. exd5 cxd5 4. cxd5 Nf6 5. Nc3 Nxd5 6. Bc4 Nxc3 7. bxc3 e6 8.
Nf3 Bd6 9. Qe2 O-O 10. O-O Nd7 11. d4 Qc7 12. Bd3 Nf6 13. Ne5 Qxc3 14. Bg5 Nd5
15. Rfd1 f5 16. Bc4 h6 17. Rac1 Qa5 18. Bxh6 gxh6 19. Qh5 Bxe5 20. dxe5 Kh7 21.
Rd4 Nf4 22. Rxf4 Qd2 23. Bf1 Qxc1 24. Rh4 Rg8 25. Qf7+ Rg7 26. Qe8 Bd7 27. Qxa8
Bb5 28. Rxh6+ Kxh6 29. Qh8+ Kg6 30. Qe8+ Bxe8 0-1

[Event "SPICE Cup Open 2020"]
[Site "Chesterfield MO USA"]
[Date "2020.10.22"]
[Round "5"]
[White "Quesada Perez, Yuniesky"]
[Black "Bruzon Batista, Lazaro"]
[Result "1/2-1/2"]
[WhiteTitle "GM"]
[BlackTitle "GM"]
[WhiteElo "2598"]
[BlackElo "2644"]
[WhiteFideId "3504409"]
[BlackFideId "3503739"]
[EventDate "2020.10.20"]

1. e4 e5 2. Nf3 Nc6 3. Bb5 a6 4. Ba4 Nf6 5. d3 d6 6. c3 Be7 7. O-O O-O 8. Nbd2
Nd7 9. d4 b5 10. Bc2 Bf6 11. d5 1/2-1/2

[Event "SPICE Cup Open 2020"]
[Site "Chesterfield MO USA"]
[Date "2020.10.22"]
[Round "5"]
[White "Krykun, Yuriy"]
[Black "Gledura, Benjamin"]
[Result "0-1"]
[WhiteTitle "FM"]
[BlackTitle "GM"]
[WhiteElo "2371"]
[BlackElo "2620"]
[WhiteFideId "14140667"]
[BlackFideId "712779"]
[EventDate "2020.10.20"]

1. e4 c5 2. Nf3 e6 3. c4 Nc6 4. Nc3 Nd4 5. Bd3 Ne7 6. Nxd4 cxd4 7. Ne2 Nc6 8.
Bc2 e5 9. O-O d6 10. d3 h5 11. f4 h4 12. f5 Be7 13. Qd2 Rg8 14. Qe1 Bf6 15. Kh1
g6 16. g4 hxg3 17. Nxg3 Bh4 18. fxg6 Rxg6 19. Qf2 Be6 20. Ba4 Bxg3 21. hxg3 Qd7
22. Kh2 O-O-O 23. Rh1 f5 24. exf5 Bxf5 25. Qf3 Rh8+ 26. Kg1 Rxh1+ 27. Kxh1 Be4 0-1

[Event "SPICE Cup Open 2020"]
[Site "Chesterfield MO USA"]
[Date "2020.10.22"]
[Round "5"]
[White "Stearman, Josiah"]
[Black "Prohaszka, Peter2"]
[Result "0-1"]
[WhiteTitle "FM"]
[BlackTitle "GM"]
[WhiteElo "2354"]
[BlackElo "2592"]
[WhiteFideId "2062496"]
[BlackFideId "726265"]
[EventDate "2020.10.20"]

1. d4 Nf6 2. c4 e6 3. Nf3 Bb4+ 4. Bd2 Qe7 5. Qc2 Bxd2+ 6. Nbxd2 d6 7. e3 O-O 8.
Bd3 e5 9. O-O Re8 10. Bf5 Nbd7 11. Ng5 g6 12. Bxd7 Bxd7 13. h3 e4 14. f3 Nh5 15.
Ngxe4 f5 16. Nf2 Qxe3 17. d5 Qg5 18. Nd3 Re2 19. Rf2 Rae8 20. Raf1 Ng3 21. f4
Qf6 22. Rd1 Qd4 23. Qc3 Qxc3 24. bxc3 Ba4 25. Ra1 R2e3 26. Rf3 Ne2+ 27. Kf2
Rxf3+ 28. Nxf3 Nxc3 29. Re1 Rxe1 30. Kxe1 Nxa2 31. Nd4 Nc3 32. Ne6 b5 33. Nxc7
bxc4 34. Nb2 Bb3 35. Kd2 Ne4+ 36. Kc1 a5 37. Nb5 c3 38. Nd1 Bxd5 39. g4 fxg4 40.
hxg4 h5 0-1

[Event "SPICE Cup Open 2020"]
[Site "Chesterfield MO USA"]
[Date "2020.10.22"]
[Round "5"]
[White "Burke, John M"]
[Black "Daggupati, Balaji"]
[Result "0-1"]
[WhiteTitle "GM"]
[BlackTitle "FM"]
[WhiteElo "2538"]
[BlackElo "2331"]
[WhiteFideId "2070901"]
[BlackFideId "2090759"]
[EventDate "2020.10.20"]

1. c4 e5 2. Nc3 Nf6 3. Nf3 Nc6 4. d3 Bc5 5. Bg5 h6 6. Bxf6 Qxf6 7. g3 O-O 8. Bg2
d6 9. O-O Bb6 10. a3 Be6 11. b4 a6 12. Rc1 Qe7 13. Nd2 Qd7 14. e3 Rab8 15. Qa4
Ba7 16. Nd5 Rfc8 17. Nb3 Kf8 18. c5 Qd8 19. e4 Bd7 20. Nd2 Nd4 21. Qd1 dxc5 22.
bxc5 Bb5 23. Bh3 Bxd3 24. Re1 Bxe4 25. Rxe4 Qxd5 26. Bxc8 Rxc8 27. Qh5 f6 28.
Rce1 Bxc5 29. Qg6 Bxa3 30. Rg4 Qf7 31. Qb1 b5 32. Re3 Bc5 33. Nf3 Qh5 34. h3 Qf5
35. Qd1 Qc2 36. Rxd4 Qxd1+ 37. Rxd1 Bxe3 38. fxe3 Ke7 39. Kf2 c5 40. Nh4 Ke6 41.
e4 Rc6 42. Ke2 c4 43. Nf5 g6 44. Nxh6 b4 45. Ng4 c3 46. Kd3 c2 47. Rc1 b3 48.
Kd2 b2 49. Rxc2 Rd6+ 0-1

[Event "SPICE Cup Open 2020"]
[Site "Chesterfield MO USA"]
[Date "2020.10.22"]
[Round "5"]
[White "Colas, Joshua"]
[Black "Stremavicius, Titas"]
[Result "1/2-1/2"]
[WhiteTitle "FM"]
[BlackTitle "GM"]
[WhiteElo "2255"]
[BlackElo "2517"]
[WhiteFideId "2044447"]
[BlackFideId "12804444"]
[EventDate "2020.10.20"]

1. d4 f5 2. c4 Nf6 3. Nf3 g6 4. Nc3 Bg7 5. g3 O-O 6. Bg2 d6 7. d5 c5 8. O-O Na6
9. Rb1 Nc7 10. b3 Rb8 11. Bb2 a6 12. Nd2 Ng4 13. h3 Nh6 14. e3 b5 15. Qc2 Qe8
16. f4 Bb7 17. Rbe1 e5 18. dxe6 Bxg2 19. Kxg2 Qxe6 20. e4 Rbe8 21. Nd5 Nxd5 22.
exd5 Qd7 23. Nf3 Bxb2 24. Qxb2 Nf7 25. h4 Rxe1 26. Rxe1 Re8 27. Re2 1/2-1/2

[Event "SPICE Cup Open 2020"]
[Site "Chesterfield MO USA"]
[Date "2020.10.22"]
[Round "5"]
[White "Repka, Christopher"]
[Black "Ezra, Paul Chambers"]
[Result "1-0"]
[WhiteTitle "GM"]
[BlackTitle "FM"]
[WhiteElo "2488"]
[BlackElo "2231"]
[WhiteFideId "14918781"]
[BlackFideId "20300204"]
[EventDate "2020.10.20"]

1. Nf3 Nf6 2. g3 d5 3. Bg2 c6 4. O-O Bf5 5. d3 e6 6. c4 dxc4 7. dxc4 Qxd1 8.
Rxd1 Bc2 9. Rd2 Bg6 10. Ne5 Nbd7 11. Nxg6 hxg6 12. Nc3 O-O-O 13. b3 Bb4 14. Rc2
Nc5 15. Bf4 Rd7 16. a3 Bxc3 17. Rxc3 Rhd8 18. Bf3 Nfe4 19. Re3 Nd2 20. b4 Ncb3
21. Ra2 Nxf3+ 22. Rxf3 Nd4 23. Rc3 f6 24. e4 g5 25. Be3 Nf3+ 26. Kg2 g4 27. Rc1
Rh8 28. Rh1 b6 29. a4 Rh3 30. c5 Kb7 31. cxb6 axb6 32. a5 bxa5 33. bxa5 Ka6 34.
Ra3 g5 35. Rc3 Rc7 36. Rc5 Rc8 37. Rc4 Rc7 38. Rc3 Rc8 39. Rb3 Rch8 40. Rb6+ Ka7
41. Rxc6+ Kb7 42. Rb6+ Kc7 43. Rxe6 Rxh2+ 44. Rxh2 Rxh2+ 45. Kf1 Rh8 46. a6 Rf8
47. Bc5 Rc8 48. Be3 Rf8 49. Ke2 f5 50. Bc5 fxe4 51. Rxe4 Rg8 52. a7 Nh2 53. Rb4
Re8+ 54. Kd1 Nf3 55. Rb8 1-0

[Event "SPICE Cup Open 2020"]
[Site "Chesterfield MO USA"]
[Date "2020.10.22"]
[Round "5"]
[White "Lu, Ming"]
[Black "Niemann, Hans Moke"]
[Result "0-1"]
[BlackTitle "IM"]
[WhiteElo "2084"]
[BlackElo "2465"]
[WhiteFideId "30930880"]
[BlackFideId "2093596"]
[EventDate "2020.10.20"]

1. c4 e5 2. Nc3 Nc6 3. Nf3 g6 4. e3 Bg7 5. d4 d6 6. d5 Nce7 7. e4 f5 8. a3 Nf6
9. Bd3 O-O 10. b4 h6 11. Bb2 c6 12. Nd2 Kh7 13. Qb3 a5 14. O-O cxd5 15. Nxd5
Nexd5 16. cxd5 Nh5 17. Rfe1 a4 18. Qd1 Nf4 19. Bf1 fxe4 20. Nxe4 Qb6 21. Bc1 Bf5
22. Be3 Qd8 23. f3 Qd7 24. Rc1 Rac8 25. Qd2 g5 26. g3 Rxc1 27. Rxc1 Nh3+ 28. Kh1
g4 29. Bxh3 gxh3 30. Qe2 Bg6 31. Bb6 Qf7 32. Rd1 Qxf3+ 33. Qxf3 Rxf3 34. Nxd6
Rxa3 35. Nb5 Ra2 36. d6 Be4+ 37. Kg1 Rg2+ 38. Kf1 Rxh2 39. d7 Rh1+ 40. Bg1 h2 0-1

[Event "SPICE Cup Open 2020"]
[Site "Chesterfield MO USA"]
[Date "2020.10.22"]
[Round "5"]
[White "Oberoi, Shelev"]
[Black "Sarkar, Justin"]
[Result "0-1"]
[BlackTitle "IM"]
[WhiteElo "2101"]
[BlackElo "2377"]
[WhiteFideId "30908590"]
[BlackFideId "2010011"]
[EventDate "2020.10.20"]

1. e4 c5 2. c3 d6 3. d4 Nf6 4. Bd3 g6 5. dxc5 dxc5 6. e5 Nh5 7. Bb5+ Bd7 8. Bc4
Nc6 9. f4 Bh6 10. Ne2 Bg4 11. O-O Qxd1 12. Rxd1 Nxf4 13. Bxf4 Bxf4 14. e6 Be3+
15. Kh1 Ne5 16. h3 Nxc4 17. hxg4 h5 18. g5 Nxb2 19. Rd5 Nc4 20. Rd7 Nd6 21. Na3
fxe6 22. Rxd6 exd6 23. Nc4 Bxg5 24. Nxd6+ Ke7 25. Nxb7 Rhc8 26. Ng3 Rab8 27. Na5
c4 0-1

[Event "SPICE Cup Open 2020"]
[Site "Chesterfield MO USA"]
[Date "2020.10.22"]
[Round "5"]
[White "Liang, Jason"]
[Black "Chen, Ryo"]
[Result "0-1"]
[WhiteTitle "FM"]
[WhiteElo "2367"]
[BlackElo "2085"]
[WhiteFideId "30940303"]
[BlackFideId "7003072"]
[EventDate "2020.10.20"]

1. Nf3 Nf6 2. c4 g6 3. Nc3 Bg7 4. d4 O-O 5. e4 d6 6. Be2 e5 7. d5 a5 8. Bg5 h6
9. Be3 Ng4 10. Bd2 f5 11. h3 Nf6 12. exf5 gxf5 13. Qc1 f4 14. g3 e4 15. Nh4 e3
16. fxe3 fxg3 17. Ng6 Re8 18. Rg1 Bf5 19. Rxg3 Nbd7 20. Nf4 Nc5 21. Bf3 Nh7 22.
Ke2 Ng5 23. Qh1 Be5 24. h4 Bxf4 25. Rag1 Bd3+ 26. Kd1 Bxg3 27. Rxg3 Re5 28. hxg5
Rxg5 29. Rh3 Qf6 30. e4 Rg6 31. Bh5 Nxe4 32. Nxe4 Qxb2 33. Rxd3 Qb1+ 34. Ke2
Qxh1 35. Bxg6 Qg2+ 36. Kd1 Kg7 37. Rg3 Qxg3 38. Nxg3 Kxg6 39. Ne2 Rg8 40. Bxa5
b6 41. Bd2 h5 42. Nf4+ Kg5 43. Ne6+ Kf5 44. Nxc7 h4 45. Ne6 Rg4 46. Bb4 Ke5 47.
Bc3+ Ke4 48. Bb4 Kd3 49. Ke1 Kxc4 50. Bxd6 Kxd5 51. Bc7 Kxe6 52. Bxb6 h3 53. Bc7
Rg2 54. Kf1 Kd5 55. a4 Ke4 56. a5 Kf3 57. a6 h2 58. Bxh2 Rxh2 59. a7 Rh1# 0-1

[Event "SPICE Cup Open 2020"]
[Site "Chesterfield MO USA"]
[Date "2020.10.22"]
[Round "5"]
[White "Zaloznyy, Mike"]
[Black "Antova, Gabriela"]
[Result "0-1"]
[BlackTitle "FM"]
[WhiteElo "1989"]
[BlackElo "2238"]
[WhiteFideId "2023075"]
[BlackFideId "2915235"]
[EventDate "2020.10.20"]

1. e4 c5 2. Nf3 d6 3. d4 cxd4 4. Nxd4 Nf6 5. f3 e5 6. Nb3 d5 7. Bg5 d4 8. c3 Nc6
9. Bb5 h6 10. Bh4 Qb6 11. Bxc6+ bxc6 12. cxd4 Ba6 13. Nc3 Rd8 14. Bf2 exd4 15.
Bxd4 c5 16. Nxc5 Bxc5 17. Qa4+ Rd7 18. Bxc5 Qxb2 19. Qxa6 Qxc3+ 20. Kf1 Qxa1+
21. Kf2 Qb2+ 0-1